000 00826nam a2200181 i 4500
001 151977
003 ES-MaACL
005 20260215132801.0
008 931025m18781879fr f |||| | fre d
100 1 _aBernard, Claude,
_d1813-1878
_928231
245 1 0 _aLeçons sur les phénomènes de la vie communs aux animaux et aux végétaux /
_cpar Claude Bernard ; [edited by Albert Dastre].
260 _aParis :
_bJ.-B. Baillière et fils,
_c1878-79 (
_fImpr. de E. Martinet)
300 _aT.I, 1878 (XXXII, 404 p., [1] h. de lám.) - T.II, 1879 (XII, 564 p., [3] h. de lám.) :
_bil. ;
_c22 cm.
594 _aPrecede al tít.: "Cours de physiologie générale du Muséum d'histoire naturelle"
700 1 _aDastre, Albert,
_d1844-1917
_9126702
852 _aES-MaACL
_jB-573-74
_z-- Enc. hol.
999 _c151977
_d151977